Szczegóły MARC21

Gabler Wirtschafts Lexikon. Bd.1, A-BH.

005 -DATA I CZAS OSTATNIEJ MODYFIKACJI [,]
    • @
    • pole kontrolne
    • 20070315155141.9
020 -Międzynarod. znormalizowany nr książki - ISBN [ , ]
    • a
    • Numer ISBN
    • 3409303251 Find
040 -Instytucja sporządzająca opis [ , ]
    • a
    • Instytucja, która sporządziła opis (NP)
    • SZCZ U
    • c
    • Instytucja, która sporządziła rekord (NP)
    • SZCZ U
041 -Język dokumentu [0, ]
    • a
    • Język tekstu (P)
    • niemiecki
    • h
    • Język tekstu oryginalnego i/lub pośredniego (P)
    • niemiecki
942 -Rodzaj dokumentu [ , ]
    • c
    • Rodzaj dokumentu
    • Książka
245 -Strefa tytułu i oznaczenia odpowiedzialności [0, ]
    • a
    • Tytuł
    • Gabler Wirtschafts Lexikon. Find
    • n
    • Oznaczenie części (P)
    • Bd.1,
    • p
    • Nazwa części (P)
    • A-BH.
250 -Strefa wydania [ , ]
    • a
    • Oznaczenie wydania (NP)
    • 13.,vollst. überarb.Aufl.
260 -Strefa adresu wydawniczego [ , ]
    • a
    • Miejsce wydania (P)
    • Wiesbaden :
    • b
    • Nazwa wydawcy (P)
    • Gabler,
    • c
    • Data wydania (P)
    • 1993.
300 -Strefa opisu fizycznego [ , ]
    • a
    • Określenie formy książki i/lub objętość (NP)
    • 524 s :
    • c
    • Format (NP)
    • 19 cm.
080 -Uniwersalna Klasyfikacja Dziesiętna [ , ]
    • a
    • Symbol klasyfikacji
    • 338(03)=30
980 -Symbol UKD [ , ]
    • a
    • UKD
    • 338(03)=30
700 -Hasło dodatkowe - nazwa osobowa [ , ]
    • a
    • Nazwa osobowa (NP)
    • Arentzen Ute Find
920 -ISBN [ , ]
    • a
    • ISBN
    • 3-409-30325-1 Find
Numer inwentarzowy Sygnatura Status udost. Lokalizacja Data inwentaryzacji
S.87695FUNDACJA POLSKO-NIEMIECKA-6BE2001-02-05